| 000 | 00601nam a2200193 a 4500 | ||
|---|---|---|---|
| 005 | 20220701090133.0 | ||
| 008 | 030326s2000 mx r 000 0 spa d | ||
| 035 | _aUPN01000123273 | ||
| 049 | _aCG | ||
| 050 | 4 |
_aKGF5404 _bF4.2 2000 |
|
| 100 | 1 | _aFlores Martínez, César Obed | |
| 245 | 1 | 3 |
_aLa actuación del Ministerio Público de la Federación en el procedimiento penal mexicano / _cCésar Obed flores Martínez. |
| 250 | _a3a ed. | ||
| 260 |
_aPuebla : _bOGS, _c2000. |
||
| 300 | _axxiii, 454 p. | ||
| 650 | 2 |
_aProcedimientos penales _zMéxico _914271 |
|
| 902 | _aBDV/rrl. | ||
| 905 | _aLibro | ||
| 999 |
_c95454 _d95454 |
||